| 000 | 02143cam a2200589 4500 | ||
|---|---|---|---|
| 001 | 20314 | ||
| 003 | VRT | ||
| 005 | 20260121115957.0 | ||
| 008 | 200507s2019 xo o grh 000 0aslo | ||
| 015 | _aSNBA2020/01 | ||
| 020 |
_a9788056610282 _q(viazané) |
||
| 035 | _aurn:nbn:sk:snk-am00e05l | ||
| 035 | _aurn:nbn:sk:snk-am3ia82 | ||
| 035 | _a1A653320-D158-47E5-BA39-CBB1CC0D6CD7 | ||
| 039 | 9 |
_a202407021127 _bAUTHORITY _c202406101340 _dAUTHORITY _c202005070816 _dVLOAD _c202001222008 _dcsnk01 |
|
| 040 |
_aPPPK _bslo _cPPPK _dSNK _erda |
||
| 041 | 0 | _aslo | |
| 043 | _ae-xo--- | ||
| 044 |
_axo _cSK |
||
| 072 | 7 |
_a796 _xŠport. Hry. Telesné cvičenia _2konspekt |
|
| 072 | 7 |
_a929 _xBiografie _2konspekt |
|
| 080 |
_a796.966 _22011 |
||
| 080 |
_a796.966.071.2 _22011 |
||
| 080 |
_a(437.6) _22011 |
||
| 080 |
_a(092) _22011 |
||
| 100 | 1 |
_aValábik, Boris _4aut |
|
| 245 | 1 | 0 |
_aVolali ma bitkár _cBoris Valábik, Marián Szűcs |
| 250 | _a1. slovenské vydanie | ||
| 264 | 1 |
_aBratislava _bLindeni _c2019 |
|
| 300 |
_a250 strán, 16 nečíslovaných strán obrazových príloh _bfarebné fotografie _c24 cm |
||
| 336 |
_atext _btxt _2rdacontent |
||
| 337 |
_abez média _bn _2rdamedia |
||
| 338 |
_azväzok _bnc _2rdacarrier |
||
| 500 | _aVydalo vydavateľstvo Lindeni v spoločnosti Albatros Media Slovakia, s.r.o. | ||
| 500 | _aNa prebale pod názvom: Otvorené rozprávanie o zákulisí hokeja | ||
| 650 | 0 | 7 |
_aľadový hokej _2SNKPH |
| 650 | 0 | 7 |
_ahokejisti _2SNKPH |
| 650 | 0 | 7 |
_aIce hockey _2SNKPHeng |
| 650 | 0 | 7 |
_aHockey players _2SNKPHeng |
| 651 | 7 |
_aSlovensko _2SNKPHgeo |
|
| 651 | 7 |
_aSlovakia _2SNKPHeng |
|
| 655 | 7 |
_aautobiografie _2SNKPH |
|
| 655 | 7 |
_aAutobiography _2SNKPHeng |
|
| 700 | 1 |
_aSzűcs, Marián _4aut |
|
| 710 | 2 |
_aAlbatros Media Slovakia. _bLindeni _4pbl |
|
| 942 |
_2ddc _cOLDO _n0 |
||
| 949 |
_62889351407 _asavukPV 28569 _bsavuk2019/3043 |
||
| 949 |
_6273K0652239 _asvkpoB 109240 _bsvkpo643591 |
||
| 949 |
_617A1393648 _asnkSC 186865 _bsnk2019/30405 _o1827/2019 _s6100:20191205 |
||
| 949 |
_617A1393674 _asnkSC 186865 D1 _bsnk2019/30406 _o1827/2019 |
||
| 949 |
_6270001000603514 _asvkbbB 59952 _bsvkbbm 784563 |
||
| 999 |
_c20314 _d20314 |
||